<?xml version="1.0" encoding="UTF-8"?>
<record
    xmlns:xsi="http://www.w3.org/2001/XMLSchema-instance"
    xsi:schemaLocation="http://www.loc.gov/MARC21/slim http://www.loc.gov/standards/marcxml/schema/MARC21slim.xsd"
    xmlns="http://www.loc.gov/MARC21/slim">

  <leader>02265nam a2200325 a 4500</leader>
  <controlfield tag="001"> </controlfield>
  <controlfield tag="003">DO-SdBNP</controlfield>
  <controlfield tag="005">20211109074016.0</controlfield>
  <controlfield tag="007"> </controlfield>
  <controlfield tag="008">150716s2000    dr      r     000 0 spa d</controlfield>
  <datafield tag="020" ind1=" " ind2=" ">
    <subfield code="a">9993442046</subfield>
  </datafield>
  <datafield tag="040" ind1=" " ind2=" ">
    <subfield code="a">DO-SdBNP</subfield>
    <subfield code="b">spa</subfield>
    <subfield code="c">BPMSU</subfield>
  </datafield>
  <datafield tag="082" ind1=" " ind2="4">
    <subfield code="a">923.27293</subfield>
    <subfield code="b">B742s 2000</subfield>
    <subfield code="2">22</subfield>
  </datafield>
  <datafield tag="111" ind1="2" ind2=" ">
    <subfield code="a">Seminario Internacional Juan Bosch Vida y Obra</subfield>
    <subfield code="n">(3 : </subfield>
    <subfield code="d">2000 :</subfield>
    <subfield code="c">Santo Domingo)</subfield>
  </datafield>
  <datafield tag="245" ind1="1" ind2="0">
    <subfield code="a">Juan Bosch :</subfield>
    <subfield code="b">vida y obra /</subfield>
    <subfield code="c">Orlando D&#xED;az, editor ; introducci&#xF3;n Alejandro Gonz&#xE1;lez Pons.</subfield>
  </datafield>
  <datafield tag="260" ind1=" " ind2=" ">
    <subfield code="a">Santo Domingo :</subfield>
    <subfield code="b">Comisi&#xF3;n Permanente de la Feria del Libro,</subfield>
    <subfield code="c">2000.</subfield>
  </datafield>
  <datafield tag="300" ind1=" " ind2=" ">
    <subfield code="a">174 p. ;</subfield>
    <subfield code="c">23 cm.</subfield>
  </datafield>
  <datafield tag="490" ind1="0" ind2=" ">
    <subfield code="a">Ediciones Ferilibro,</subfield>
    <subfield code="v">33</subfield>
  </datafield>
  <datafield tag="500" ind1=" " ind2=" ">
    <subfield code="a">Incluye referencias bibliogr&#xE1;ficas y notas al pie de las p&#xE1;ginas</subfield>
  </datafield>
  <datafield tag="500" ind1=" " ind2=" ">
    <subfield code="a">Ponencias presentadas en el Seminario Internacional 'Juan Bosch: Vida y Obra', realizado dentro del marco de la III Feria Internacional del Libro Santo Domingo-2000"</subfield>
  </datafield>
  <datafield tag="505" ind1="0" ind2=" ">
    <subfield code="a">Semblanza literaria de Juan Bosch /</subfield>
    <subfield code="r">Bruno Rosario Candelier --</subfield>
    <subfield code="t">El problema del ver en pol&#xED;tica: Althusser y Bosch /</subfield>
    <subfield code="r">Rafael Juli&#xE1;n --</subfield>
    <subfield code="t">Juan Bosch, luchador, escritor, hermeneuta /</subfield>
    <subfield code="r">Jorge N&#xFA;&#xF1;ez S&#xE1;nchez --</subfield>
    <subfield code="t">La visi&#xF3;n crioll&#xED;stica en la cuent&#xED;stica de Juan Bosch, sus rasgos esenciales /</subfield>
    <subfield code="r">Roberto Fern&#xE1;ndez Valledor --</subfield>
    <subfield code="t">Juan Bosch maestro del cuento latinoamericano /</subfield>
    <subfield code="r">Ra&#xFA;l P&#xE9;rez Torres --</subfield>
    <subfield code="t">Juan Bosch : patriota, escritor, l&#xED;der y maestro /</subfield>
    <subfield code="r">Euclides Guti&#xE9;rrez F&#xE9;lix --</subfield>
    <subfield code="t">Narraci&#xF3;n y estilo en Juan Bosch: su mundo cenest&#xE9;tico /</subfield>
    <subfield code="r">Manuel A. Ossers Cabrera --</subfield>
    <subfield code="t">La imagen de Am&#xE9;rica: cuentos dominicanos y americanos de Juan Bosch /</subfield>
    <subfield code="r">Manuel Joffr&#xE9; Berr&#xED;os --</subfield>
    <subfield code="t">La mujer en los cuentos de Juan Bosch: paradojas, conflictos y realidades /</subfield>
    <subfield code="r">Clara Mercedes Jorge Tejada de Ram&#xED;rez --</subfield>
    <subfield code="t">Juan Bosch: una estampa literaria /</subfield>
    <subfield code="r">Le&#xF3;n David --</subfield>
    <subfield code="t">Juan Bosch: heritier du genre conte /</subfield>
    <subfield code="r">Lionel Richard --</subfield>
    <subfield code="t">Expositores /</subfield>
    <subfield code="t">Notas bibliogr&#xE1;ficas.</subfield>
  </datafield>
  <datafield tag="590" ind1=" " ind2=" ">
    <subfield code="a">Inventariado, 2021/VM</subfield>
  </datafield>
  <datafield tag="600" ind1="1" ind2="4">
    <subfield code="a"> Bosch, Juan, </subfield>
    <subfield code="d">1909-2001</subfield>
    <subfield code="9">1</subfield>
  </datafield>
  <datafield tag="650" ind1="1" ind2="4">
    <subfield code="a">Presidentes</subfield>
    <subfield code="z">Rep&#xFA;blica Dominicana</subfield>
    <subfield code="v">Congresos, conferencias, etc.</subfield>
  </datafield>
  <datafield tag="651" ind1="1" ind2="4">
    <subfield code="a">Rep&#xFA;blica Dominicna</subfield>
    <subfield code="v">Biograf&#xED;as</subfield>
    <subfield code="v">Congresos, conferencias, etc.</subfield>
  </datafield>
  <datafield tag="700" ind1="1" ind2=" ">
    <subfield code="a">Gonz&#xE1;lez Pons, Alejandro,</subfield>
    <subfield code="e">introd.</subfield>
  </datafield>
  <datafield tag="700" ind1="1" ind2=" ">
    <subfield code="a">D&#xED;az, Orlando,</subfield>
    <subfield code="e">ed.</subfield>
  </datafield>
  <datafield tag="910" ind1=" " ind2=" ">
    <subfield code="a"> VMateo V.</subfield>
  </datafield>
  <datafield tag="942" ind1=" " ind2=" ">
    <subfield code="2">ddc</subfield>
    <subfield code="c">BK</subfield>
  </datafield>
  <datafield tag="952" ind1=" " ind2=" ">
    <subfield code="0">0</subfield>
    <subfield code="1">0</subfield>
    <subfield code="2">ddc</subfield>
    <subfield code="4">0</subfield>
    <subfield code="7">0</subfield>
    <subfield code="8">CD</subfield>
    <subfield code="a">BPMET</subfield>
    <subfield code="b">BPMET</subfield>
    <subfield code="d">2021-11-09</subfield>
    <subfield code="e">Fundac&#xF3;n Juan Bosch </subfield>
    <subfield code="l">0</subfield>
    <subfield code="o">BPMSU CD 923.27293 B742s 2000</subfield>
    <subfield code="p">BPMSU21110065</subfield>
    <subfield code="r">2021-11-09</subfield>
    <subfield code="w">2021-11-09</subfield>
    <subfield code="y">BK</subfield>
  </datafield>
  <datafield tag="999" ind1=" " ind2=" ">
    <subfield code="c">13858</subfield>
    <subfield code="d">13858</subfield>
  </datafield>
</record>
